| 000 | 00439nam a2200181Ia 4500 | ||
|---|---|---|---|
| 001 | 2642 | ||
| 005 | 20260306144822.0 | ||
| 008 | 260306t2016||||xx |||||||||||||| ||spa|| | ||
| 041 | _aESP | ||
| 082 |
_a618.928 _bR84 |
||
| 100 |
_aRosselli, Mónica _eAUT |
||
| 245 | 0 | _aNeuropsicología del desarrollo infantil | |
| 260 | _c2016 | ||
| 300 |
_axii, 327 páginas : _c23 cm. |
||
| 650 | _aGEN | ||
| 654 | _aCPS | ||
| 942 |
_cLIB _dJUS _fJUS _2ddc _n |
||
| 999 |
_c2642 _d2642 |
||